<?xml version="1.0" encoding="UTF-8"?>
<collection xmlns="http://www.loc.gov/MARC21/slim">
 <record>
  <leader>00895nam a22001935a 4500</leader>
  <controlfield tag="001">CEM.cems016701</controlfield>
  <controlfield tag="005">20110603111650.0</controlfield>
  <controlfield tag="008">130507s1998##################000#0#####d</controlfield>
  <controlfield tag="003">CEMS</controlfield>
  <datafield tag="020" ind1=" " ind2=" ">
   <subfield code="a">9504398979</subfield>
  </datafield>
  <datafield tag="082" ind1="0" ind2="4">
   <subfield code="a">632.5</subfield>
  </datafield>
  <datafield tag="100" ind1="1" ind2=" ">
   <subfield code="a">Molina, Aníbal R.</subfield>
  </datafield>
  <datafield tag="245" ind1="1" ind2="0">
   <subfield code="a">Malezas presentes en cultivos de verano :</subfield>
   <subfield code="b">vol. i /</subfield>
   <subfield code="c">Aníbal R Molina,</subfield>
  </datafield>
  <datafield tag="260" ind1=" " ind2=" ">
   <subfield code="a">Buenos Aires :</subfield>
   <subfield code="b">A. R. Molina,</subfield>
   <subfield code="c">1998</subfield>
  </datafield>
  <datafield tag="300" ind1=" " ind2=" ">
   <subfield code="a">230 p.</subfield>
  </datafield>
  <datafield tag="505" ind1="0" ind2=" ">
   <subfield code="a">Gramíneas: características generales -- Dicotiledóneas: características generales -- Reconocimiento de monocotiledóneas -- Reconocimiento de dicotiledóneas -- Generalidades del género Euphorbia -- Frutos y semillas -- Plántulas de mono y dicotiledóneas -- Plántulas de monocotiledóneas -- Plántulas de dicotiledóneas --</subfield>
  </datafield>
  <datafield tag="653" ind1=" " ind2=" ">
   <subfield code="a">Malezas</subfield>
  </datafield>
  <datafield tag="653" ind1=" " ind2=" ">
   <subfield code="a">Cultivos de verano-malezas</subfield>
  </datafield>
  <datafield tag="859" ind1=" " ind2=" ">
   <subfield code="a">CEMS</subfield>
   <subfield code="b">BIB. CEMS - Agricultura</subfield>
   <subfield code="h">632.5</subfield>
   <subfield code="i">M733</subfield>
   <subfield code="p">A0396.02</subfield>
   <subfield code="t">Ej.1</subfield>
   <subfield code="v">1</subfield>
   <subfield code="3">1</subfield>
  </datafield>
 </record>
</collection>
